Welcome to CU Library Online Public Access Catalogue (OPAC)

Delmar's comprehensive medical assisting : (Record no. 2764)

MARC details
000 -LEADER
fixed length control field 00791cam a2200229 a 4500
001 - CONTROL NUMBER
control field 4000253
005 - DATE AND TIME OF LATEST TRANSACTION
control field 20250122100122.0
008 - FIXED-LENGTH DATA ELEMENTS--GENERAL INFORMATION
fixed length control field 961030s1998 nyua 001 0 eng c
020 ## - INTERNATIONAL STANDARD BOOK NUMBER
International Standard Book Number 9780827367647
050 00 - LIBRARY OF CONGRESS CALL NUMBER
Classification number R728.8
Item number .D396 1998
082 00 - DEWEY DECIMAL CLASSIFICATION NUMBER
Classification number 610.69/53
Edition information 21
245 00 - TITLE STATEMENT
Title Delmar's comprehensive medical assisting :
Remainder of title administrative and clinical competencies /
Statement of responsibility, etc. Wilburta Q. Lindh ... [et al.].
260 ## - PUBLICATION, DISTRIBUTION, ETC.
Place of publication, distribution, etc. Albany, NY :
Name of publisher, distributor, etc. Delmar Publishers,
Date of publication, distribution, etc. c1998.
300 ## - PHYSICAL DESCRIPTION
Extent xxiii, : various paging
Other physical details ill. (some col.) ;
Dimensions 29 cm. +
Accompanying material 2 computer disks (3 1/2 in.)
500 ## - GENERAL NOTE
General note Includes index.
650 #0 - SUBJECT ADDED ENTRY--TOPICAL TERM
Topical term or geographic name entry element Medical assistants.
650 #0 - SUBJECT ADDED ENTRY--TOPICAL TERM
Topical term or geographic name entry element Physicians' assistants.
650 12 - SUBJECT ADDED ENTRY--TOPICAL TERM
Topical term or geographic name entry element Allied Health Personnel.
650 22 - SUBJECT ADDED ENTRY--TOPICAL TERM
Topical term or geographic name entry element Clinical Competence.
700 1# - ADDED ENTRY--PERSONAL NAME
Personal name Lindh, Wilburta Q.
942 ## - ADDED ENTRY ELEMENTS (KOHA)
Source of classification or shelving scheme Library of Congress Classification
Koha item type Books
Suppress in OPAC No
999 ## -
-- 2764
-- 2764
Holdings
Withdrawn status Lost status Source of classification or shelving scheme Damaged status Not for loan Collection Home library Current library Shelving location Date acquired Total checkouts Full call number Barcode Date last seen Copy number Price effective from Koha item type
    Library of Congress Classification     Non-fiction Science Library (Miotso) Science Library (Miotso) General stacks 01/22/2025   R728.8 .D396 DEL SLM00002096 01/22/2025 1 01/22/2025 Books
    Library of Congress Classification     Non-fiction Science Library (Miotso) Science Library (Miotso) General stacks 01/22/2025   R728.8 .D396 DEL SLM00002097 01/22/2025 2 01/22/2025 Books
    Library of Congress Classification     Non-fiction Science Library (Miotso) Science Library (Miotso) General stacks 01/22/2025   R728.8 .D396 DEL SLM00002098 01/22/2025 3 01/22/2025 Books
    Library of Congress Classification     Non-fiction Science Library (Miotso) Science Library (Miotso) General stacks 01/22/2025   R728.8 .D396 DEL SLM00002099 01/22/2025 4 01/22/2025 Books
    Library of Congress Classification     Non-fiction Science Library (Miotso) Science Library (Miotso) General stacks 01/22/2025   R728.8 .D396 DEL SLM00002100 01/22/2025 5 01/22/2025 Books
© 2023-2024 Copyright: Central University Libraries. All Rights Reserved | Created by: Mahone Tech Office